V For Vendetta Opening Monologue Quiz Stats

 Plays Quiz Updated Nov 11, 2014

Score 0/170 Timer 05:00
0 Plays Today
% Correct
the
97.5%
the
97.5%
the
97.5%
the
97.5%
the
97.5%
the
97.5%
the
97.5%
the
97.5%
the
97.5%
the
97.5%
the
97.5%
I
95.3%
I
95.3%
I
95.3%
I
95.3%
I
95.3%
a
95.2%
a
95.2%
A
95.2%
A
95.2%
no
92%
of
91.9%
of
91.9%
of
91.9%
of
91.9%
of
91.9%
of
91.9%
of
91.9%
an
88.3%
an
88.3%
an
88.3%
and
86.6%
and
86.6%
and
86.6%
and
86.6%
And
86.6%
'Remember,
85.9%
remember
85.9%
remember
85.9%
remember
85.9%
be
85.5%
be
85.5%
be
85.5%
November,
84.6%
November.
84.6%
Fifth
84.5%
Fifth
84.5%
know
76.4%
know
76.4%
know,
76.4%
he
75.5%
he
75.5%
he
75.5%
He
75.5%
he
75.5%
to
75.2%
to
75.2%
% Correct
Gunpowder
74.4%
Gunpowder
74.4%
Treason
72.8%
Treason
72.8%
why
72.4%
can
71.8%
can
71.8%
can
71.8%
can
71.8%
Plot.
71.8%
should
71.7%
reason
71.2%
in
71.2%
in
71.2%
what
70.3%
What
70.3%
ever
70%
man?
69.2%
man,
69.2%
man
69.2%
man...
69.2%
man
69.2%
man
69.2%
We
69.1%
forgot...'
68.6%
But
66.9%
But
66.9%
but
66.9%
But
66.9%
not
66.7%
not
66.7%
not
66.7%
not
66.7%
not
66.7%
was
66.4%
was
66.4%
was
66.4%
that
64.9%
that
64.9%
that
64.9%
who
64.9%
Guy
64.5%
Fawkes,
63.1%
is
62%
is
62%
his
60.2%
will
58.8%
it,
58.2%
it...
58.2%
it
58.2%
it
58.2%
are
57.7%
up
57.4%
name
56.5%
name
56.5%
you
56%
Parliament.
54.9%
% Correct
do
53.3%
do
53.3%
do
53.3%
blow
52.2%
idea,
51.6%
idea
51.6%
idea,
51.6%
idea
51.6%
never
50.9%
me
50.5%
Houses
48.6%
forget.
47.4%
kill
46%
they
45.5%
they
45.5%
like?
44.2%
really?
42.4%
because
41.9%
1605,
40.5%
attempted
40.1%
killed
39.5%
die
39.1%
them,
37.8%
them...
37.8%
told
37.8%
people
37.2%
cannot
36.5%
cannot
36.5%
world.
35.8%
or
35.6%
love...
35.4%
forgotten,
34.5%
fail.
34.4%
ideas.
33.5%
Ideas
33.5%
years
32.4%
400
31.6%
caught,
31.5%
I've
31.3%
I've
31.3%
change
30.9%
later,
28.9%
kiss
28.6%
seen
28.5%
still
28%
made
27.9%
power
27.2%
feel
26.3%
touch
25.1%
witnessed
24.3%
bleed,
23.7%
hold
23.5%
pain,
22.3%
firsthand
22%
defending
21.7%
miss,
20.7%

You're not logged in!

Compare scores with friends on all Sporcle quizzes.
OR
Log In

Sporcle TV

Today on Sporcle TV


Watch our educational content, quiz creation guides, and fun videos on Sporcle TV.

Show Comments

Extras

Top Quizzes Today


Score Distribution

Your Account Isn't Verified!

In order to create a playlist on Sporcle, you need to verify the email address you used during registration. Go to your Sporcle Settings to finish the process.

Report this User

Report this user for behavior that violates our Community Guidelines.

Details: